[Event "ODJM A 2018"]
[Site "Willingen GER"]
[Date "2018.05.25"]
[Round "8"]
[White "Ehmann, Thilo"]
[Black "Holtel, Jasper"]
[Result "1/2-1/2"]
[Termination "normal"]
[Board "2"]
[WhiteTitle "FM"]
[BlackTitle "FM"]
[WhiteElo "2287"]
[BlackElo "2240"]
[WhiteClock "00:00:38"]
[BlackClock "00:04:51"]
[PlyCount "80"]
[WhiteFideId "12940968"]
[BlackFideId "12956376"]
[EventCountry "GER"]
[EventRounds "9"]
[EventType "swiss"]
[EventDate "2018.05.19"]

1. e4 {[%clk 1:30:59]} 1... c5 {[%clk 1:24:16]} 2. Nf3 {[%clk 1:31:25]} 2... d6
{[%clk 1:24:38]} 3. d4 {[%clk 1:31:52]} 3... cxd4 {[%clk 1:25:01]} 4. Nxd4 {
[%clk 1:32:18]} 4... Nf6 {[%clk 1:25:20]} 5. f3 {[%clk 1:32:39]} 5... e5 {
[%clk 1:25:45]} 6. Nb3 {[%clk 1:33:06]} 6... Be6 {[%clk 1:26:03]} 7. c4 { [%clk
1:32:31]} 7... Nbd7 {[%clk 1:26:18]} 8. Be3 {[%clk 1:31:05]} 8... Rc8 { [%clk
1:23:21]} 9. Na3 {[%clk 1:29:45]} 9... a6 {[%clk 1:22:32]} 10. Be2 { [%clk
1:29:11]} 10... Be7 {[%clk 1:22:52]} 11. O-O {[%clk 1:29:23]} 11... O-O { [%clk
1:23:14]} 12. Qd2 {[%clk 1:28:00]} 12... b5 {[%clk 1:22:24]} 13. Rac1 { [%clk
1:13:08]} 13... b4 {[%clk 1:05:10]} 14. Nb1 {[%clk 1:06:41]} 14... a5 { [%clk
0:56:11]} 15. Rfd1 {[%clk 0:45:01]} 15... Qc7 {[%clk 0:46:50]} 16. Qe1 { [%clk
0:41:39]} 16... Rb8 {[%clk 0:40:39]} 17. N3d2 {[%clk 0:40:02]} 17... Nc5 {[%clk
0:39:34]} 18. Nf1 {[%clk 0:30:50]} 18... Rfc8 {[%clk 0:29:23]} 19. Bf2 { [%clk
0:25:44]} 19... Qc6 {[%clk 0:27:11]} 20. b3 {[%clk 0:25:13]} 20... a4 { [%clk
0:24:47]} 21. Nbd2 {[%clk 0:25:11]} 21... Ra8 {[%clk 0:21:29]} 22. Ra1 { [%clk
0:25:09]} 22... Nfd7 {[%clk 0:19:35]} 23. Ne3 {[%clk 0:23:00]} 23... Qb7 {[%clk
0:19:51]} 24. h4 24... Ra7 {[%clk 0:16:59]} 25. Nd5 {[%clk 0:19:42]} 25... Bd8
{[%clk 0:17:21]} 26. Rdb1 {[%clk 0:15:13]} 26... Rca8 {[%clk 0:17:11] } 27. Ne3
{[%clk 0:12:36]} 27... Nb8 {[%clk 0:11:52]} 28. Nf5 {[%clk 0:11:02]} 28... Bxf5
{[%clk 0:10:37]} 29. exf5 {[%clk 0:11:29]} 29... Bf6 {[%clk 0:10:30] } 30. Ne4
{[%clk 0:09:36]} 30... Nxe4 {[%clk 0:08:58]} 31. fxe4 {[%clk 0:10:03] } 31...
Ra5 {[%clk 0:07:57]} 32. bxa4 {[%clk 0:08:54]} 32... Rxa4 { [%clk 0:07:17]} 33.
Bd1 {[%clk 0:07:20]} 33... Rxa2 {[%clk 0:07:29]} 34. Rxa2 { [%clk 0:07:44]}
34... Rxa2 {[%clk 0:07:52]} 35. Qxb4 {[%clk 0:07:59]} 35... Qxb4 {[%clk
0:07:33]} 36. Rxb4 {[%clk 0:05:16]} 36... Nc6 {[%clk 0:05:46]} 37. Ra4 {[%clk
0:05:16]} 37... Rxa4 {[%clk 0:05:12]} 38. Bxa4 {[%clk 0:03:40]} 38... Nd4
{[%clk 0:05:00]} 39. Kf1 Bd8 40. Bd1 {[%clk 0:00:38]} 40... Bb6 { [%clk
0:04:51]} 1/2-1/2

[Event "ODJM A 2018"]
[Site "Willingen GER"]
[Date "2018.05.25"]
[Round "8"]
[White "Heldt, Maximilian"]
[Black "Krause, Benedict"]
[Result "0-1"]
[Termination "normal"]
[Board "3"]
[BlackTitle "FM"]
[WhiteElo "2050"]
[BlackElo "2448"]
[WhiteClock "00:27:58"]
[BlackClock "00:23:17"]
[PlyCount "88"]
[WhiteFideId "12952346"]
[BlackFideId "12917990"]
[EventCountry "GER"]
[EventRounds "9"]
[EventType "swiss"]
[EventDate "2018.05.19"]

1. e4 {[%clk 1:30:57]} 1... c6 {[%clk 1:30:56]} 2. c4 {[%clk 1:28:22]} 2... d5
{[%clk 1:30:55]} 3. exd5 {[%clk 1:28:42]} 3... cxd5 {[%clk 1:31:15]} 4. cxd5 {
[%clk 1:29:07]} 4... Nf6 {[%clk 1:31:39]} 5. d4 {[%clk 1:28:49]} 5... Nxd5 {
[%clk 1:31:04]} 6. Nf3 {[%clk 1:24:42]} 6... Nc6 {[%clk 1:29:25]} 7. Bc4 {
[%clk 1:23:39]} 7... Bg4 {[%clk 1:16:17]} 8. Qb3 {[%clk 1:10:57]} 8... Bxf3 {
[%clk 1:13:14]} 9. gxf3 {[%clk 1:08:26]} 9... Nxd4 {[%clk 0:57:54]} 10. Qxb7 {
[%clk 1:06:21]} 10... Rc8 {[%clk 0:36:12]} 11. Na3 {[%clk 1:00:46]} 11... e6 {
[%clk 0:32:03]} 12. Qxa7 {[%clk 0:32:25]} 12... Bc5 {[%clk 0:23:58]} 13. Qa4+ {
[%clk 0:32:18]} 13... Kf8 {[%clk 0:24:11]} 14. Qd1 {[%clk 0:18:41]} 14... Qh4 {
[%clk 0:17:52]} 15. Bxd5 {[%clk 0:15:04]} 15... exd5 {[%clk 0:14:34]} 16. Qd3 {
[%clk 0:14:40]} 16... Re8+ {[%clk 0:09:49]} 17. Kd1 {[%clk 0:15:03]} 17... Qxf2
{[%clk 0:09:40]} 18. Rf1 {[%clk 0:14:48]} 18... Qxh2 {[%clk 0:08:37]} 19. Be3 {
[%clk 0:14:29]} 19... Qxb2 {[%clk 0:05:46]} 20. Rb1 {[%clk 0:13:56]} 20... Qxa2
{[%clk 0:05:38]} 21. Rf2 {[%clk 0:09:52]} 21... Qxa3 {[%clk 0:05:53]} 22. Qxa3
{[%clk 0:10:15]} 22... Bxa3 {[%clk 0:06:21]} 23. Bxd4 {[%clk 0:10:40]} 23... h5
{[%clk 0:03:40]} 24. Rb7 {[%clk 0:10:20]} 24... h4 {[%clk 0:02:48]} 25. Rg2 {
[%clk 0:10:06]} 25... Rh7 {[%clk 0:02:44]} 26. Rd7 {[%clk 0:07:25]} 26... h3 {
[%clk 0:02:38]} 27. Rh2 {[%clk 0:07:50]} 27... Re6 {[%clk 0:01:49]} 28. Rxd5 {
[%clk 0:07:07]} 28... Rd6 {[%clk 0:01:29]} 29. Rxd6 {[%clk 0:07:17]} 29... Bxd6
{[%clk 0:01:55]} 30. Rh1 {[%clk 0:07:41]} 30... Bf4 {[%clk 0:01:38]} 31. Ke2 {
[%clk 0:07:19]} 31... h2 {[%clk 0:00:42]} 32. Kf2 {[%clk 0:06:18]} 32... Rh5 {
[%clk 0:00:44]} 33. Kg2 {[%clk 0:05:41]} 33... Rg5+ {[%clk 0:01:02]} 34. Kh3 {
[%clk 0:05:53]} 34... Rd5 {[%clk 0:01:09]} 35. Bf2 {[%clk 0:06:10]} 35... f5 {
[%clk 0:01:09]} 36. Bg3 {[%clk 0:02:28]} 36... Bxg3 {[%clk 0:01:09]} 37. Kxg3 {
[%clk 0:02:53]} 37... Rd2 {[%clk 0:00:53]} 38. Kf4 {[%clk 0:02:05]} 38... g6 {
[%clk 0:00:59]} 39. Kg3 {[%clk 0:01:47]} 39... Kf7 {[%clk 0:01:10]} 40. Rf1 {
[%clk 0:01:01]} 40... g5 {[%clk 0:00:53]} 41. Ra1 {[%clk 0:27:30]} 41... f4+ {
[%clk 0:23:20]} 42. Kg4 {[%clk 0:27:15]} 42... Rg2+ {[%clk 0:22:56]} 43. Kf5 {
[%clk 0:27:35]} 43... Rg1 {[%clk 0:22:55]} 44. Ra7+ {[%clk 0:27:58]} 44... Ke8
{[%clk 0:23:17]} 0-1

[Event "ODJM A 2018"]
[Site "Willingen GER"]
[Date "2018.05.25"]
[Round "8"]
[White "Borchert, René"]
[Black "Hartmann, Jakob"]
[Result "0-1"]
[Termination "normal"]
[Board "4"]
[WhiteElo "2186"]
[BlackElo "2194"]
[WhiteClock "00:06:22"]
[BlackClock "00:02:14"]
[PlyCount "126"]
[WhiteFideId "12990671"]
[BlackFideId "12918067"]
[EventCountry "GER"]
[EventRounds "9"]
[EventType "swiss"]
[EventDate "2018.05.19"]

1. e4 {[%clk 1:30:59]} 1... e5 {[%clk 1:30:48]} 2. Nf3 {[%clk 1:31:27]} 2...
Nc6 {[%clk 1:31:11]} 3. Bc4 {[%clk 1:31:55]} 3... Bc5 {[%clk 1:31:15]} 4. c3 {
[%clk 1:32:21]} 4... Nf6 {[%clk 1:31:39]} 5. d4 {[%clk 1:32:44]} 5... exd4 {
[%clk 1:32:01]} 6. cxd4 {[%clk 1:33:12]} 6... Bb4+ {[%clk 1:32:23]} 7. Nbd2 {
[%clk 1:33:39]} 7... d5 {[%clk 1:29:25]} 8. exd5 {[%clk 1:34:04]} 8... Nxd5 {
[%clk 1:29:47]} 9. O-O {[%clk 1:34:30]} 9... O-O {[%clk 1:29:03]} 10. a3 {
[%clk 1:34:58]} 10... Be7 {[%clk 1:28:36]} 11. Re1 {[%clk 1:35:20]} 11... Bg4 {
[%clk 1:20:15]} 12. h3 {[%clk 1:35:45]} 12... Bh5 {[%clk 1:19:30]} 13. Ba2 {
[%clk 1:36:09]} 13... Nf6 {[%clk 1:06:05]} 14. Qb3 {[%clk 1:31:23]} 14... Re8 {
[%clk 0:54:35]} 15. d5 {[%clk 1:22:33]} 15... Na5 {[%clk 0:35:51]} 16. Qa4 {
[%clk 1:20:55]} 16... b6 {[%clk 0:28:43]} 17. b4 {[%clk 1:20:27]} 17... Nb7 {
[%clk 0:27:54]} 18. Qc6 {[%clk 1:20:22]} 18... Nd6 {[%clk 0:23:37]} 19. Bb2 {
[%clk 1:19:01]} 19... Bg6 {[%clk 0:18:08]} 20. Rac1 {[%clk 1:17:12]} 20... Rc8
{[%clk 0:15:09]} 21. Ne5 {[%clk 1:06:36]} 21... Nh5 {[%clk 0:14:07]} 22. Qc3 {
[%clk 0:57:06]} 22... Bf6 {[%clk 0:11:42]} 23. Qf3 {[%clk 0:57:30]} 23... Bg5 {
[%clk 0:09:28]} 24. Rcd1 {[%clk 0:43:56]} 24... Nf4 {[%clk 0:08:37]} 25. Ba1 {
[%clk 0:43:27]} 25... Nf5 {[%clk 0:06:57]} 26. Nxg6 {[%clk 0:38:30]} 26... hxg6
{[%clk 0:06:40]} 27. Ne4 {[%clk 0:37:53]} 27... Bh6 {[%clk 0:06:16]} 28. Qg4 {
[%clk 0:19:13]} 28... Nd6 {[%clk 0:06:04]} 29. Ng3 {[%clk 0:16:29]} 29... Kh7 {
[%clk 0:03:42]} 30. Qf3 {[%clk 0:16:22]} 30... Qg5 {[%clk 0:03:41]} 31. Kh2 {
[%clk 0:12:49]} 31... Re7 {[%clk 0:02:29]} 32. Rxe7 {[%clk 0:11:23]} 32... Qxe7
{[%clk 0:02:58]} 33. Bc3 {[%clk 0:11:26]} 33... Re8 {[%clk 0:03:05]} 34. Bd2 {
[%clk 0:10:16]} 34... Qf6 {[%clk 0:03:18]} 35. Rc1 {[%clk 0:10:22]} 35... Re7 {
[%clk 0:01:57]} 36. Rc6 {[%clk 0:10:16]} 36... Qd4 {[%clk 0:01:26]} 37. Be3 {
[%clk 0:10:30]} 37... Qe5 {[%clk 0:01:22]} 38. Rc1 {[%clk 0:06:56]} 38... Nf5 {
[%clk 0:01:21]} 39. Nxf5 {[%clk 0:06:27]} 39... Qxf5 {[%clk 0:00:36]} 40. Kh1 {
[%clk 0:05:45]} 40... Rd7 {[%clk 0:00:32]} 41. Rd1 {[%clk 0:04:04]} 41... Rd6 {
[%clk 0:26:45]} 42. g4 {[%clk 0:22:42]} 42... Qf6 {[%clk 0:25:10]} 43. Rg1 {
[%clk 0:19:19]} 43... g5 {[%clk 0:15:17]} 44. Qe4+ {[%clk 0:18:42]} 44... g6 {
[%clk 0:14:49]} 45. Kh2 {[%clk 0:14:41]} 45... Ne2 {[%clk 0:07:37]} 46. Re1 {
[%clk 0:12:30]} 46... Nc3 {[%clk 0:07:19]} 47. Qc2 {[%clk 0:11:54]} 47... Nxa2
{[%clk 0:06:53]} 48. Qxa2 {[%clk 0:12:20]} 48... Qe5+ {[%clk 0:06:40]} 49. Kg1
{[%clk 0:12:43]} 49... Qxd5 {[%clk 0:06:29]} 50. Qc2 {[%clk 0:12:11]} 50... Rc6
{[%clk 0:06:01]} 51. Qe2 {[%clk 0:12:04]} 51... Bg7 {[%clk 0:05:26]} 52. Rd1 {
[%clk 0:12:13]} 52... Qe4 {[%clk 0:04:38]} 53. Qb5 {[%clk 0:11:04]} 53... Qf3 {
[%clk 0:02:31]} 54. Re1 {[%clk 0:11:22]} 54... Re6 {[%clk 0:02:25]} 55. Qxg5 {
[%clk 0:10:01]} 55... Qxh3 {[%clk 0:02:27]} 56. Qf4 {[%clk 0:09:13]} 56... Rf6
{[%clk 0:01:39]} 57. Qe4 {[%clk 0:09:16]} 57... Re6 {[%clk 0:00:57]} 58. Qf4 {
[%clk 0:07:26]} 58... Re7 {[%clk 0:01:02]} 59. Qg5 {[%clk 0:07:47]} 59... Re4 {
[%clk 0:01:10]} 60. f3 {[%clk 0:05:24]} 60... Qg3+ {[%clk 0:01:30]} 61. Kf1 {
[%clk 0:05:41]} 61... Qxf3+ {[%clk 0:01:48]} 62. Bf2 {[%clk 0:06:06]} 62...
Qh1+ {[%clk 0:01:48]} 63. Bg1 {[%clk 0:06:22]} 63... Rxe1+ {[%clk 0:02:14]} 0-1

[Event "ODJM A 2018"]
[Site "Willingen GER"]
[Date "2018.05.25"]
[Round "8"]
[White "Winkel, Peter"]
[Black "Arndt, Magnus"]
[Result "1/2-1/2"]
[Termination "normal"]
[Board "5"]
[WhiteElo "2110"]
[BlackElo "2120"]
[WhiteClock "00:05:34"]
[BlackClock "00:02:18"]
[PlyCount "120"]
[WhiteFideId "12954756"]
[BlackFideId "12998656"]
[EventCountry "GER"]
[EventRounds "9"]
[EventType "swiss"]
[EventDate "2018.05.19"]

1. d4 {[%clk 1:30:59]} 1... Nf6 {[%clk 1:30:53]} 2. Nf3 {[%clk 1:31:26]} 2...
e6 {[%clk 1:31:18]} 3. e3 {[%clk 1:31:52]} 3... c5 {[%clk 1:31:05]} 4. Bd3 {
[%clk 1:32:16]} 4... Nc6 {[%clk 1:31:26]} 5. O-O {[%clk 1:32:20]} 5... d5 {
[%clk 1:30:42]} 6. b3 {[%clk 1:32:40]} 6... Bd6 {[%clk 1:28:49]} 7. dxc5 {
[%clk 1:33:04]} 7... Bxc5 {[%clk 1:29:14]} 8. Bb2 {[%clk 1:33:29]} 8... O-O {
[%clk 1:27:30]} 9. Nbd2 {[%clk 1:33:56]} 9... b6 {[%clk 1:18:01]} 10. a3 {
[%clk 1:32:05]} 10... a5 {[%clk 1:12:02]} 11. c4 {[%clk 1:27:31]} 11... Bb7 {
[%clk 1:00:27]} 12. cxd5 {[%clk 1:14:28]} 12... Nxd5 {[%clk 0:57:06]} 13. Qb1 {
[%clk 1:02:59]} 13... h6 {[%clk 0:52:40]} 14. Rd1 {[%clk 1:02:23]} 14... Qe7 {
[%clk 0:46:59]} 15. Ne4 {[%clk 0:59:44]} 15... Rfd8 {[%clk 0:42:36]} 16. Nxc5 {
[%clk 0:56:26]} 16... Qxc5 {[%clk 0:42:09]} 17. Qc2 {[%clk 0:56:03]} 17... Qxc2
{[%clk 0:37:55]} 18. Bxc2 {[%clk 0:56:24]} 18... Rac8 {[%clk 0:37:10]} 19. Rac1
{[%clk 0:54:49]} 19... Kf8 {[%clk 0:35:24]} 20. Bd3 {[%clk 0:52:44]} 20... Nde7
{[%clk 0:27:37]} 21. Be2 {[%clk 0:51:07]} 21... Nf5 {[%clk 0:20:59]} 22. Kf1 {
[%clk 0:50:08]} 22... Nd6 {[%clk 0:15:11]} 23. Nd4 {[%clk 0:47:45]} 23... Ne7 {
[%clk 0:09:38]} 24. h3 {[%clk 0:41:14]} 24... Bd5 {[%clk 0:08:26]} 25. Rxc8 {
[%clk 0:20:39]} 25... Rxc8 {[%clk 0:08:33]} 26. Rc1 {[%clk 0:20:37]} 26...
Rxc1+ {[%clk 0:07:00]} 27. Bxc1 {[%clk 0:21:05]} 27... Nc6 {[%clk 0:03:48]} 28.
Bb2 {[%clk 0:16:45]} 28... f6 {[%clk 0:01:42]} 29. Nxc6 {[%clk 0:14:34]} 29...
Bxc6 {[%clk 0:02:12]} 30. Bd4 {[%clk 0:14:47]} 30... b5 {[%clk 0:02:32]} 31. f3
{[%clk 0:13:38]} 31... Ke7 {[%clk 0:01:31]} 32. e4 {[%clk 0:13:47]} 32... e5 {
[%clk 0:01:29]} 33. Bc5 {[%clk 0:11:38]} 33... Ke6 {[%clk 0:01:53]} 34. Kf2 {
[%clk 0:11:48]} 34... g6 {[%clk 0:01:47]} 35. Ke3 {[%clk 0:11:11]} 35... h5 {
[%clk 0:01:40]} 36. g3 {[%clk 0:09:42]} 36... Bd7 {[%clk 0:01:08]} 37. h4 {
[%clk 0:09:53]} 37... Bc6 {[%clk 0:01:02]} 38. Bf1 {[%clk 0:08:41]} 38... f5 {
[%clk 0:00:45]} 39. Bh3 {[%clk 0:06:07]} 39... Nb7 {[%clk 0:00:43]} 40. Bb6 {
[%clk 0:05:39]} 40... Kf6 {[%clk 0:00:59]} 41. exf5 {[%clk 0:29:29]} 41... gxf5
{[%clk 0:31:25]} 42. Bf1 {[%clk 0:29:30]} 42... Bd5 {[%clk 0:20:34]} 43. Bxb5 {
[%clk 0:16:23]} 43... Bxb3 {[%clk 0:20:36]} 44. Bc7 {[%clk 0:15:09]} 44... a4 {
[%clk 0:12:35]} 45. Be8 {[%clk 0:15:02]} 45... Nc5 {[%clk 0:12:28]} 46. Bxh5 {
[%clk 0:14:11]} 46... Ne6 {[%clk 0:12:32]} 47. Bb6 {[%clk 0:12:49]} 47... Ke7 {
[%clk 0:06:57]} 48. Bg6 {[%clk 0:11:43]} 48... f4+ {[%clk 0:06:36]} 49. Kf2 {
[%clk 0:09:21]} 49... fxg3+ {[%clk 0:06:27]} 50. Kxg3 {[%clk 0:09:38]} 50...
Nf4 {[%clk 0:06:34]} 51. Be4 {[%clk 0:08:56]} 51... Nh5+ {[%clk 0:04:44]} 52.
Kf2 {[%clk 0:09:17]} 52... Nf6 {[%clk 0:05:00]} 53. Bc6 {[%clk 0:09:27]} 53...
Kd6 {[%clk 0:04:49]} 54. Bb5 {[%clk 0:09:20]} 54... Ke6 {[%clk 0:01:13]} 55.
Ba5 {[%clk 0:09:01]} 55... e4 {[%clk 0:01:08]} 56. fxe4 {[%clk 0:06:23]} 56...
Nxe4+ {[%clk 0:01:37]} 57. Kf3 {[%clk 0:06:41]} 57... Nd6 {[%clk 0:01:58]} 58.
Bd3 {[%clk 0:06:42]} 58... Nc4 {[%clk 0:02:07]} 59. Bc3 {[%clk 0:05:34]} 59...
Nxa3 {[%clk 0:02:00]} 60. h5 {[%clk 0:05:34]} 60... Bd1+ {[%clk 0:02:18]}
1/2-1/2

[Event "ODJM A 2018"]
[Site "Willingen GER"]
[Date "2018.05.25"]
[Round "8"]
[White "Terhuven, Patrick"]
[Black "Oganessjan, Artur"]
[Result "1-0"]
[Termination "normal"]
[Board "6"]
[WhiteElo "2124"]
[BlackElo "2045"]
[WhiteClock "00:04:58"]
[BlackClock "00:21:30"]
[PlyCount "87"]
[WhiteFideId "12919098"]
[BlackFideId "12986062"]
[EventCountry "GER"]
[EventRounds "9"]
[EventType "swiss"]
[EventDate "2018.05.19"]

1. d4 {[%clk 1:30:58]} 1... Nf6 {[%clk 1:30:53]} 2. Nf3 {[%clk 1:31:23]} 2...
e6 {[%clk 1:31:12]} 3. g3 {[%clk 1:31:39]} 3... b5 {[%clk 1:31:36]} 4. a4 {
[%clk 1:29:46]} 4... b4 {[%clk 1:31:09]} 5. Bg2 {[%clk 1:29:04]} 5... Bb7 {
[%clk 1:31:35]} 6. c4 {[%clk 1:28:08]} 6... c5 {[%clk 1:30:32]} 7. O-O { [%clk
1:22:41]} 7... cxd4 {[%clk 1:25:28]} 8. Nbd2 {[%clk 1:17:30]} 8... d5 { [%clk
1:24:42]} 9. cxd5 {[%clk 1:03:59]} 9... Qxd5 {[%clk 1:11:11]} 10. Nb3 { [%clk
0:57:32]} 10... e5 {[%clk 1:07:26]} 11. e3 {[%clk 0:53:14]} 11... d3 { [%clk
1:02:43]} 12. Ne1 {[%clk 0:42:06]} 12... Qd7 {[%clk 1:00:31]} 13. Bxb7 { [%clk
0:31:29]} 13... Qxb7 {[%clk 1:00:59]} 14. Nxd3 {[%clk 0:31:00]} 14... Nbd7
{[%clk 1:01:08]} 15. e4 Be7 16. f3 {[%clk 0:26:40]} 16... O-O { [%clk 1:01:47]}
17. Be3 {[%clk 0:26:30]} 17... Rac8 {[%clk 1:01:17]} 18. Qe2 { [%clk 0:25:51]}
18... Rfd8 {[%clk 1:01:01]} 19. Rac1 {[%clk 0:24:17]} 19... Qa6 {[%clk
0:58:21]} 20. a5 {[%clk 0:23:41]} 20... Nb8 {[%clk 0:41:26]} 21. Rxc8 { [%clk
0:23:47]} 21... Rxc8 {[%clk 0:40:22]} 22. Kf2 {[%clk 0:22:58]} 22... Nc6 {[%clk
0:39:28]} 23. Rc1 {[%clk 0:21:52]} 23... Rd8 {[%clk 0:39:02]} 24. Ndc5 { [%clk
0:20:46]} 24... Qxe2+ {[%clk 0:38:18]} 25. Kxe2 {[%clk 0:21:15]} 25... Nd4+
{[%clk 0:29:19]} 26. Bxd4 {[%clk 0:20:17]} 26... exd4 {[%clk 0:28:46]} 27. Nd3
{[%clk 0:20:08]} 27... g5 {[%clk 0:27:33]} 28. Rc7 {[%clk 0:17:46]} 28... Rd7
{[%clk 0:27:20]} 29. Rxd7 {[%clk 0:17:09]} 29... Nxd7 {[%clk 0:27:47]} 30. Nxd4
{[%clk 0:17:29]} 30... a6 {[%clk 0:27:07]} 31. Nc6 {[%clk 0:17:17]} 31... Bd6
{[%clk 0:25:28]} 32. Ncxb4 {[%clk 0:16:59]} 32... Bc7 {[%clk 0:25:10]} 33. Nc6
{[%clk 0:15:40]} 33... h5 {[%clk 0:25:11]} 34. f4 {[%clk 0:12:55]} 34... g4
{[%clk 0:25:07]} 35. b4 {[%clk 0:12:46]} 35... Kf8 {[%clk 0:24:54]} 36. Nde5 {
[%clk 0:11:29]} 36... Nf6 {[%clk 0:22:16]} 37. Kd3 {[%clk 0:10:22]} 37... Ne8 {
[%clk 0:21:51]} 38. Nd7+ {[%clk 0:08:05]} 38... Kg7 {[%clk 0:22:15]} 39. Nc5 {
[%clk 0:07:15]} 39... h4 {[%clk 0:22:29]} 40. e5 {[%clk 0:06:03]} 40... h3 {
[%clk 0:22:22]} 41. Nxa6 {[%clk 0:05:49]} 41... f6 {[%clk 0:22:39]} 42. b5 {
[%clk 0:04:44]} 42... fxe5 {[%clk 0:22:39]} 43. fxe5 {[%clk 0:04:49]} 43... Kf7
{[%clk 0:21:30]} 44. b6 {[%clk 0:04:58]} 1-0

[Event "ODJM A 2018"]
[Site "Willingen GER"]
[Date "2018.05.25"]
[Round "8"]
[White "Küppers, Timo"]
[Black "Garbuz, Vitaliy"]
[Result "1/2-1/2"]
[Termination "normal"]
[Board "7"]
[WhiteElo "2175"]
[BlackElo "2032"]
[WhiteClock "00:03:50"]
[BlackClock "00:11:12"]
[PlyCount "99"]
[WhiteFideId "16205820"]
[BlackFideId "12990710"]
[EventCountry "GER"]
[EventRounds "9"]
[EventType "swiss"]
[EventDate "2018.05.19"]

1. Nf3 {[%clk 1:30:48]} 1... Nf6 {[%clk 1:30:59]} 2. c4 {[%clk 1:31:06]} 2...
e6 {[%clk 1:31:25]} 3. Nc3 {[%clk 1:31:20]} 3... d5 {[%clk 1:31:34]} 4. cxd5 {
[%clk 1:31:33]} 4... exd5 {[%clk 1:32:02]} 5. d4 {[%clk 1:31:55]} 5... Be7 {
[%clk 1:32:08]} 6. Bg5 {[%clk 1:32:16]} 6... O-O {[%clk 1:31:35]} 7. e3 { [%clk
1:31:44]} 7... c6 {[%clk 1:31:19]} 8. Bd3 {[%clk 1:31:50]} 8... Nbd7 { [%clk
1:31:40]} 9. Qc2 {[%clk 1:32:01]} 9... Re8 {[%clk 1:32:04]} 10. O-O { [%clk
1:31:45]} 10... Nf8 {[%clk 1:32:22]} 11. h3 {[%clk 1:31:30]} 11... Ne4 { [%clk
1:31:44]} 12. Bf4 {[%clk 1:31:28]} 12... Nxc3 {[%clk 1:29:55]} 13. bxc3 { [%clk
1:30:09]} 13... Bd6 {[%clk 1:29:06]} 14. Bxd6 {[%clk 1:18:54]} 14... Qxd6
{[%clk 1:29:34]} 15. c4 {[%clk 1:18:44]} 15... dxc4 {[%clk 1:17:40]} 16. Bxc4 {
[%clk 1:17:16]} 16... Be6 {[%clk 1:17:49]} 17. Rab1 {[%clk 1:15:54]} 17... Re7
{[%clk 1:17:49]} 18. Rb3 {[%clk 1:08:29]} 18... Rc8 {[%clk 0:55:57]} 19. Rfb1 {
[%clk 1:05:57]} 19... Rcc7 {[%clk 0:53:11]} 20. a4 {[%clk 1:03:51]} 20... Bd5 {
[%clk 0:34:38]} 21. Bxd5 {[%clk 0:44:47]} 21... Qxd5 {[%clk 0:33:43]} 22. Rc3 {
[%clk 0:41:23]} 22... Nd7 {[%clk 0:32:15]} 23. Qb3 {[%clk 0:32:51]} 23... Nf6 {
[%clk 0:30:00]} 24. Qxd5 {[%clk 0:31:42]} 24... Nxd5 {[%clk 0:29:27]} 25. Rcb3
{[%clk 0:32:07]} 25... f6 {[%clk 0:28:29]} 26. Nd2 {[%clk 0:32:01]} 26... Red7
{[%clk 0:26:24]} 27. Rc1 {[%clk 0:29:23]} 27... b6 {[%clk 0:24:26]} 28. g3 {
[%clk 0:29:09]} 28... c5 {[%clk 0:15:10]} 29. e4 {[%clk 0:23:00]} 29... Nb4 {
[%clk 0:14:45]} 30. d5 {[%clk 0:22:49]} 30... Nc6 {[%clk 0:15:00]} 31. Nf3 {
[%clk 0:22:01]} 31... Nb4 {[%clk 0:09:33]} 32. Ne1 {[%clk 0:18:06]} 32... Na6 {
[%clk 0:07:50]} 33. Ng2 {[%clk 0:16:12]} 33... Rc8 {[%clk 0:07:25]} 34. Ne3 {
[%clk 0:14:16]} 34... Re8 {[%clk 0:06:38]} 35. f3 {[%clk 0:14:12]} 35... Nb4 {
[%clk 0:05:56]} 36. Nc4 {[%clk 0:12:59]} 36... f5 {[%clk 0:03:37]} 37. Re3 {
[%clk 0:12:51]} 37... g6 {[%clk 0:02:16]} 38. d6 {[%clk 0:02:43]} 38... Nc6 {
[%clk 0:00:34]} 39. e5 {[%clk 0:02:19]} 39... Nd4 {[%clk 0:01:02]} 40. f4 {
[%clk 0:01:39]} 40... Kf7 {[%clk 0:00:55]} 41. Kf2 {[%clk 0:24:34]} 41... Ke6 {
[%clk 0:28:41]} 42. Nd2 {[%clk 0:23:49]} 42... h6 {[%clk 0:26:59]} 43. Nb3 {
[%clk 0:20:15]} 43... Nxb3 {[%clk 0:16:51]} 44. Rxb3 {[%clk 0:20:39]} 44... Kd5
{[%clk 0:17:01]} 45. Rd1+ {[%clk 0:13:48]} 45... Kc6 {[%clk 0:16:09]} 46. g4 {
[%clk 0:13:57]} 46... a6 {[%clk 0:12:46]} 47. Rdb1 {[%clk 0:10:47]} 47... Rb7 {
[%clk 0:12:12]} 48. Ke3 {[%clk 0:07:51]} 48... b5 {[%clk 0:11:40]} 49. axb5+ {
[%clk 0:08:17]} 49... axb5 {[%clk 0:11:12]} 50. Kd2 {[%clk 0:03:50]} 1/2-1/2